Normal view
MARC view
Entry Personal Name
001 - CONTROL NUMBER
- control field: 1225269
003 - CONTROL NUMBER IDENTIFIER
- control field: OSt
005 - DATE AND TIME OF LATEST TRANSACTION
- control field: 20260324150113.0
008 - FIXED-LENGTH DATA ELEMENTS
- fixed length control field: 260324|| aca||aabn | a|a d
040 ## - CATALOGING SOURCE
- Original cataloging agency: OSt
- Transcribing agency: OSt
100 ## - HEADING--PERSONAL NAME
- Personal name: M. Perceval-Maxwell
670 ## - SOURCE DATA FOUND
- Source citation: Work cat.: (OSt)1834162: M. Perceval-Maxwell, The Scottish Migration to Ulster in the Reign of James I
